Sables y utopías : (Registro nro. 10776)

Detalles MARC
000 -LIDER
fixed length control field 01147nam a2200385 c 4500
001 - NÚMERO DE CONTROL
Identificador de número de control a53079
003 - IDENTIFICACDOR DE NÚMERO DE CONTROL
control field DO-SdBNP
005 - DATE AND TIME OF LATEST TRANSACTION
control field 20171121103215.0
007 - CAMPOS FIJOS DE DESCRIPCIÓN FÍSICA
fixed length control field a53079
008 - ELEMENTOS DE LONGITUD FIJA
fixed length control field 130124s2009 ck | |||| 001 0 spa
015 ## - NÚMERO DENTRO DE LA BIBLIOGRAFÍA NACIONAL
National bibliography number
017 ## - NÚMERO DE REGISTRO DE DERECHOS DE AUTOR
Copyright or legal deposit number
Assigning agency
020 ## - ISBN
International Standard Book Number 9781603966573
035 ## - NÚMERO LOCAL
System control number
040 ## - FUENTE DE CATALOGACIÓN
Agencia que crea de manera original el registro BPMSU
Idioma de catalogación spa
Agencia que realiza la transcripción BPMSU
Convenciones de la despripción
080 ## - NÚMERO DE CLASIFICACIÓN DECIMAL UNIVERSAL
Universal Decimal Classification number
080 ## - NÚMERO DE CLASIFICACIÓN DECIMAL UNIVERSAL
Universal Decimal Classification number
082 #4 - NÚMERO DE CLASIFICACIÓN DECIMAL DE DEWEY
Classification number Pe864.44
Item number V297s
100 1# - ASIENTO PRINCIPAL -- NOMBRE PERSONAL
Nombre personal Vargas Llosa, Mario,
Fechas asociadas con el nombre 1936-
245 10 - MENCIÓN DE TITULO
Título Sables y utopías :
Subtítulo visiones de América Latina /
Mención de responsabilidad Mario Vargas Llosa ; selección y prólogo Carlos Granés
260 ## - PUBLICACIÓN, DISTRIBUCIÓN, ETC. (PIE DE IMPRENTA)
Lugar de publicación, distribución, etc Colombia :
Nombre del editor, distribuidor, etc. Aguilar,
Fecha de publicación, distribución, etc 2009
300 ## - DESCRIPCIÓN FÍSICA
Extensión 460 p. ;
Dimensiones 25 cm
336 ## - CONTENT TYPE
Content type term Texto (visual)
Source isbdcontent
337 ## - MEDIA TYPE
Media type term sin mediación
Source isbdmedia
500 ## - NOTA GENERAL
Nota general Incluye índices onomástico
504 ## - NOTA DE BIBLIOGRAFÍA, ETC.
Bibliography, etc Bibliografía: p. 461-[466]
504 ## - NOTA DE BIBLIOGRAFÍA, ETC.
Bibliography, etc
650 #4 - ENCABEZAMIENTO DE MATERIA--TEMÁTICO
Término temático o nombre geográfico como elemento de entrada ENSAYOS PERUANOS
Subdivisión cronológica
Fuente del encabezamiento o término
650 #4 - ENCABEZAMIENTO DE MATERIA--TEMÁTICO
Término temático o nombre geográfico como elemento de entrada LITERATURA PERUANA
651 #4 - ENCABEZAMIENTO DE MATERIA--NOMBRE GEOGRÁFICO
Nombre geográfico AMÉRICA LATINA
Subdivisión temática general POLÍTICA Y GOBIERNO
Subdivisión cronológica
Fuente del encabezamiento o término
700 1# - ASIENTO SECUNDARIO -- NOMBRE PERSONAL
Nombre personal Granés, Carlos,
Fechas asociadas con el nombre 1975-
Término de relación
Mención de responsabilidad pról.
942 ## - ADDED ENTRY ELEMENTS (KOHA)
Source of classification or shelving scheme Dewey Decimal Classification
Koha item type Libros
945 ## - INFORMACIÓN DE PROCESAMIENTO LOCAL
Información de procesamiento local Inventariado extranjero / 2017 VM
956 ## - LOCAL ELECTRONIC LOCATION AND ACCESS (OCLC)
Nombre de host VMATEO
Número de acceso 10
Información de compresión 20160708
Trayectoria BPMSU
Nombre Electrónico 00069
Existencias
Withdrawn status Lost status Source of classification or shelving scheme Damaged status Not for loan Collection code Home library Current library Date acquired Source of acquisition Total Checkouts Full call number Barcode Date last seen Copy number Price effective from Koha item type
    Dewey Decimal Classification     Colección General Biblioteca Pública Metropolitana Salomé Ureña Biblioteca Pública Metropolitana Salomé Ureña 07/08/2016 Donativo-Alfaguara   Pe864.44 V297s BPMSU16070260 07/08/2016 e. 2 07/08/2016 Libros
    Dewey Decimal Classification     Colección General Biblioteca Pública Metropolitana Salomé Ureña Biblioteca Pública Metropolitana Salomé Ureña 11/21/2017 Donación Alfaguara   Pe864.44 V297s BPMSU17110287 11/21/2017 11/21/2017 Libros